[Event "Asuncion op"]
[Site "Asuncion"]
[Date "2014.05.04"]
[Round "6"]
[White "Britez, G Jorge A"]
[Black "Curatola, Clemente"]
[Result "1/2-1/2"]
[WhiteElo "1888"]
[BlackElo "2079"]
[PlyCount "124"]
[EventDate "2014.04.30"]
[EventType "swiss"]
[EventRounds "9"]
[EventCountry "PAR"]
[SourceTitle "CBM 160 Extra"]
[Source "ChessBase"]
[SourceDate "2014.07.01"]
[SourceVersion "1"]
[SourceVersionDate "2014.07.01"]
[SourceQuality "1"]

1. e4 c5 2. Nf3 Nc6 3. d4 cxd4 4. Nxd4 g6 5. c4 Bg7 6. Be3 Nf6 7. Nc3 0-0 8. Be2 d6 9. Qd2 Ng4 10. Bxg4 Bxg4 11. Rc1 Qa5 12. b3 Rfc8 13. 0-0 Bd7 14. Rfd1 Nxd4 15. Bxd4 Bc6 16. f3 a6 17. Rc2 Bxd4+ 18. Qxd4 Rc7 19. Rdc1 Rac8 20. Nd5 Bxd5 21. Qxd5 Qb6+ 22. Kf1 Qe3 23. Qd2 Qc5 24. Qd5 Qe3 25. Qd2 Qxd2 26. Rxd2 b5 27. Rdc2 Kg7 28. Ke2 Kf6 29. Kd3 b4 30. Kd4 Rc5 31. Ra1 Ra5 32. a3 e5+ 33. Kd3 Rxa3 34. Rxa3 bxa3 35. Ra2 a5 36. Rxa3 Rc5 37. Kc3 h5 38. Ra2 Ke6 39. Rd2 Kd7 40. Kb2 Kc7 41. Ka3 Kc6 42. Ka4 Kc7 43. g3 Kc6 44. f4 exf4 45. gxf4 g5 46. fxg5 Rxg5 47. Rf2 h4 48. Rxf7 Rg2 49. Kxa5 Rxh2 50. Rh7 h3 51. Rh6 Kd7 52. Kb5 Rh1 53. b4 h2 54. e5 Re1 55. Rxh2 Rxe5+ 56. Kb6 Re4 57. Rc2 d5 58. cxd5 Rxb4+ 59. Kc5 Rh4 60. Ra2 Rh6 61. Ra7+ Kd8 62. Rg7 Rf6 1/2-1/2

[Event "Asuncion op"]
[Site "Asuncion"]
[Date "2014.05.03"]
[Round "5"]
[White "Curatola, Clemente"]
[Black "Aguero Centurio, Abel Alejandro"]
[Result "1-0"]
[WhiteElo "2079"]
[BlackElo "1723"]
[PlyCount "35"]
[EventDate "2014.04.30"]
[EventType "swiss"]
[EventRounds "9"]
[EventCountry "PAR"]
[SourceTitle "CBM 160 Extra"]
[Source "ChessBase"]
[SourceDate "2014.07.01"]
[SourceVersion "1"]
[SourceVersionDate "2014.07.01"]
[SourceQuality "1"]

1. e4 c6 2. d4 d5 3. f3 dxe4 4. fxe4 e5 5. Nf3 exd4 6. Bc4 Qa5+ 7. Nbd2 Nf6 8. 0-0 Bg4 9. Nb3 Qc7 10. e5 Bxf3 11. Qxf3 Qxe5 12. Bf4 Qh5 13. Rae1+ Kd8 14. Qd3 c5 15. Na5 Kc8 16. Qb3 b6 17. Bxf7 g6 18. Qe6+ 1-0

[Event "Asuncion op"]
[Site "Asuncion"]
[Date "2014.05.01"]
[Round "3"]
[White "Curatola, Clemente"]
[Black "Uribe, Gabriel"]
[Result "0-1"]
[WhiteElo "2079"]
[BlackElo "1897"]
[PlyCount "58"]
[EventDate "2014.04.30"]
[EventType "swiss"]
[EventRounds "9"]
[EventCountry "PAR"]
[SourceTitle "CBM 160 Extra"]
[Source "ChessBase"]
[SourceDate "2014.07.01"]
[SourceVersion "1"]
[SourceVersionDate "2014.07.01"]
[SourceQuality "1"]

1. e4 d5 2. exd5 Qxd5 3. Nc3 Qa5 4. g3 c6 5. Bg2 Nf6 6. h3 g6 7. Nge2 Bg7 8. d4 0-0 9. Bd2 Qd8 10. Qc1 Na6 11. Bh6 Nb4 12. Bxg7 Kxg7 13. a3 Nbd5 14. Qd2 Be6 15. Nf4 Nxf4 16. Qxf4 Qa5 17. g4 h6 18. 0-0-0 Rad8 19. Rhe1 Rd7 20. Re5 Qb6 21. Na4 Qc7 22. Nc5 Bd5 23. Nxd7 Nxd7 24. Bxd5 cxd5 25. Re4 e5 26. Rxe5 Rc8 27. c3 Nb6 28. Rf5 gxf5 29. Qxf5 Qd7 0-1

[Event "Asuncion op"]
[Site "Asuncion"]
[Date "2014.05.01"]
[Round "2"]
[White "Goiriz, Yahari Damian"]
[Black "Curatola, Clemente"]
[Result "1-0"]
[WhiteElo "2064"]
[BlackElo "2079"]
[PlyCount "63"]
[EventDate "2014.04.30"]
[EventType "swiss"]
[EventRounds "9"]
[EventCountry "PAR"]
[SourceTitle "CBM 160 Extra"]
[Source "ChessBase"]
[SourceDate "2014.07.01"]
[SourceVersion "1"]
[SourceVersionDate "2014.07.01"]
[SourceQuality "1"]

1. Nf3 f5 2. g3 Nf6 3. Bg2 e6 4. 0-0 d5 5. c4 c6 6. d3 Bd6 7. Nc3 0-0 8. e4 Be7 9. exd5 exd5 10. cxd5 Nxd5 11. Nxd5 cxd5 12. Qb3 Kh8 13. Re1 Nc6 14. Ne5 Nxe5 15. Rxe5 d4 16. Bf4 Bf6 17. Rb5 Qe7 18. Bd2 Be6 19. Bd5 Bxd5 20. Qxd5 Qe2 21. Bb4 Rfd8 22. Qxf5 Qxb2 23. Re1 Qxa2 24. Rxb7 Qa6 25. Rf7 Re8 26. Rc1 Qb6 27. Rcc7 Qxb4 28. Rxf6 Rf8 29. Rff7 a5 30. Rce7 Rg8 31. Qe5 Qb1+ 32. Kg2 1-0

[Event "Asuncion ABC Color op 2nd"]
[Site "Asuncion"]
[Date "2014.01.30"]
[Round "5.1"]
[White "Heinechen, John"]
[Black "Curatola, Clemente"]
[Result "0-1"]
[WhiteElo "1923"]
[BlackElo "2116"]
[PlyCount "148"]
[EventDate "2014.01.25"]
[EventType "swiss"]
[EventRounds "7"]
[EventCountry "PAR"]
[SourceTitle "EXT 2023"]
[Source "ChessBase"]
[SourceDate "2022.10.05"]
[SourceVersion "1"]
[SourceVersionDate "2022.10.05"]
[SourceQuality "1"]

1. e4 c5 2. Nf3 Nc6 3. d4 cxd4 4. Nxd4 g6 5. Nc3 Bg7 6. Be2 Nf6 7. Nb3 0-0 8. Be3 d6 9. 0-0 a5 10. a4 Be6 11. Nd4 Nxd4 12. Bxd4 Rc8 13. f3 Nd7 14. Bxg7 Kxg7 15. Qd4+ f6 16. Bd3 Qb6 17. Ne2 Bc4 18. Qxb6 Nxb6 19. Nd4 Kf7 20. Rfd1 Rc5 21. c3 Bxd3 22. Rxd3 Rfc8 23. Ne2 g5 24. f4 gxf4 25. Nxf4 Rc4 26. Nd5 Rxa4 27. Re1 Nxd5 28. exd5 Rg4 29. Rde3 Rc7 30. Rh3 Kg8 31. Rhe3 Kf8 32. Rh3 Rg5 33. Rd1 Rc5 34. Rhd3 Re5 35. Kf1 a4 36. R1d2 b5 37. Kf2 h5 38. g3 Rc4 39. Rd4 Re4 40. Rxc4 Rxc4 41. Ke3 Kf7 42. h3 f5 43. Kd3 Rc5 44. Ke3 Kf6 45. Kd4 Rc4+ 46. Kd3 h4 47. gxh4 Rxh4 48. Rh2 Ke5 49. Re2+ Kxd5 50. Rxe7 Rxh3+ 51. Kc2 Rh2+ 52. Kb1 f4 53. Rf7 Ke4 54. Re7+ Kd3 55. Rf7 Rh4 56. Ka2 Ke3 57. Re7+ Kf2 58. Rf7 f3 59. Rf6 Kg3 60. Rg6+ Kf4 61. Rf6+ Ke4 62. Rg6 Kf5 63. Rg8 Rh3 64. Rg1 f2 65. Rf1 Rh2 66. Ka3 Kf4 67. Kb4 Kf3 68. Kxb5 Ke2 69. Rc1 Rh4 70. Rc2+ Ke3 71. Rc1 Rf4 72. c4 f1Q 73. Rxf1 Rxf1 74. Kxa4 Kd4 0-1

[Event "Asuncion ABC Color op 2nd"]
[Site "Asuncion"]
[Date "2014.01.27"]
[Round "2.1"]
[White "Lugo, Manuel"]
[Black "Curatola, Clemente"]
[Result "1/2-1/2"]
[WhiteElo "1688"]
[BlackElo "2116"]
[PlyCount "50"]
[EventDate "2014.01.25"]
[EventType "swiss"]
[EventRounds "7"]
[EventCountry "PAR"]
[SourceTitle "EXT 2023"]
[Source "ChessBase"]
[SourceDate "2022.10.05"]
[SourceVersion "1"]
[SourceVersionDate "2022.10.05"]
[SourceQuality "1"]

1. e4 d5 2. exd5 Qxd5 3. Nc3 Qd6 4. d4 a6 5. Nge2 Nf6 6. Bf4 Qd7 7. Qd2 e6 8. a3 Nc6 9. Rd1 Nd5 10. Bg3 Be7 11. Ne4 b6 12. c4 Nf6 13. N2c3 Nxe4 14. Nxe4 Bb7 15. d5 exd5 16. cxd5 Na7 17. Bc4 0-0 18. 0-0 Nc8 19. Rfe1 Re8 20. Ba2 Nd6 21. Qd3 Nxe4 22. Rxe4 Bf6 23. Bb1 Rxe4 24. Qxe4 g6 25. Qf4 Bxb2 1/2-1/2

[Event "Paraguay Gran Prix U2300 08"]
[Site "Paraguay"]
[Date "2013.08.28"]
[Round "8.6"]
[White "Valente, Hector Manuel"]
[Black "Curatola, Clemente"]
[Result "1-0"]
[WhiteElo "1805"]
[BlackElo "2116"]
[PlyCount "55"]
[EventDate "2013.08.07"]
[EventType "swiss"]
[EventRounds "9"]
[EventCountry "ARG"]
[SourceTitle "EXT 2024"]
[Source "ChessBase"]
[SourceDate "2023.10.10"]
[SourceVersion "1"]
[SourceVersionDate "2023.10.10"]
[SourceQuality "1"]

1. b4 e5 2. Bb2 d6 3. e3 g6 4. c4 Bg7 5. Nf3 Ne7 6. Be2 0-0 7. 0-0 e4 8. Bxg7 exf3 9. Bxf8 fxe2 10. Qxe2 Kxf8 11. Nc3 d5 12. cxd5 c6 13. dxc6 Nbxc6 14. a3 Nd5 15. Rfd1 Be6 16. Nxd5 Qxd5 17. d4 f5 18. Rac1 Rd8 19. Rc5 Qd6 20. f3 Ne7 21. e4 fxe4 22. fxe4 Kg8 23. d5 Qd7 24. Rdc1 Bg4 25. Qc4 Nc8 26. Rc7 Qd6 27. e5 Qxe5 28. Qxg4 1-0

[Event "Paraguay Gran Prix U2300 08"]
[Site "Paraguay"]
[Date "2013.08.22"]
[Round "6.5"]
[White "Suarez, Jose Luis"]
[Black "Curatola, Clemente"]
[Result "1-0"]
[WhiteElo "2035"]
[BlackElo "2116"]
[PlyCount "73"]
[EventDate "2013.08.07"]
[EventType "swiss"]
[EventRounds "9"]
[EventCountry "ARG"]
[SourceTitle "EXT 2024"]
[Source "ChessBase"]
[SourceDate "2023.10.10"]
[SourceVersion "1"]
[SourceVersionDate "2023.10.10"]
[SourceQuality "1"]

1. d4 e6 2. Nf3 f5 3. Bf4 Nf6 4. e3 d5 5. c4 c6 6. Be2 Be7 7. h3 0-0 8. 0-0 Nbd7 9. Ng5 Nb8 10. Nc3 Ne4 11. Ngxe4 fxe4 12. f3 exf3 13. Rxf3 Nd7 14. Qc2 Nf6 15. Raf1 Bd7 16. Bd3 Be8 17. Be5 g6 18. Qf2 Nd7 19. Rxf8+ Bxf8 20. e4 dxc4 21. Bxc4 Qe7 22. Bg3 Bg7 23. d5 Qb4 24. Qe2 b5 25. Bb3 Nc5 26. Bd6 Qd4+ 27. Kh1 Nxb3 28. axb3 b4 29. Rd1 Qb6 30. Na4 Qb5 31. Qf3 cxd5 32. exd5 exd5 33. Rf1 Rd8 34. Bf8 Qd7 35. Nc5 Qf7 36. Bxg7 Qxf3 37. Rxf3 1-0

[Event "Paraguay Gran Prix U2300 08"]
[Site "Paraguay"]
[Date "2013.08.21"]
[Round "5.4"]
[White "Ippoliti, Horacio Alberto"]
[Black "Curatola, Clemente"]
[Result "1-0"]
[WhiteElo "2033"]
[BlackElo "2116"]
[PlyCount "104"]
[EventDate "2013.08.07"]
[EventType "swiss"]
[EventRounds "9"]
[EventCountry "ARG"]
[SourceTitle "EXT 2024"]
[Source "ChessBase"]
[SourceDate "2023.10.10"]
[SourceVersion "1"]
[SourceVersionDate "2023.10.10"]
[SourceQuality "1"]

1. d4 f5 2. Nc3 d5 3. Bg5 c6 4. e3 Nf6 5. Bxf6 exf6 6. Qf3 Qb6 7. 0-0-0 Bb4 8. Nge2 Na6 9. a3 Bd6 10. Nf4 Bxf4 11. Qxf4 Bd7 12. Bd3 g6 13. g4 Qc7 14. Qh6 0-0-0 15. gxf5 Bxf5 16. Bxf5+ gxf5 17. Qxf6 Rhf8 18. Qe6+ Kb8 19. Ne2 Rd6 20. Qe5 Rh6 21. Qg3 Qd6 22. Nf4 Nc7 23. Qg7 Ne8 24. Qg5 Qf6 25. h4 Nd6 26. f3 Nc4 27. Rde1 Re8 28. Nh5 Qxg5 29. hxg5 Rg6 30. Nf6 Rxe3 31. Rxe3 Nxe3 32. Nxh7 f4 33. Rg1 Nf5 34. Nf8 Rg8 35. Ne6 Re8 36. Nxf4 Nxd4 37. Rg3 Kc8 38. g6 Kd8 39. c3 Nf5 40. Rg5 Nh4 41. Rg3 Ke7 42. Rh3 Nf5 43. Rh7+ Kd6 44. Rxb7 Ke5 45. Nd3+ Kf6 46. Rc7 Kxg6 47. Rxc6+ Kg5 48. Rc5 Rg8 49. Nb4 d4 50. Nc2 d3 51. Nd4 Kf4 52. Rxf5+ Ke3 1-0

[Event "Paraguay Gran Prix U2300 07"]
[Site "Paraguay"]
[Date "2013.07.17"]
[Round "4.1"]
[White "Curatola, Clemente"]
[Black "Benedetti, Julio"]
[Result "1-0"]
[WhiteElo "2114"]
[BlackElo "2200"]
[PlyCount "117"]
[EventDate "2013.07.08"]
[EventType "swiss"]
[EventRounds "9"]
[EventCountry "ARG"]
[SourceTitle "EXT 2024"]
[Source "ChessBase"]
[SourceDate "2023.10.10"]
[SourceVersion "1"]
[SourceVersionDate "2023.10.10"]
[SourceQuality "1"]

1. d4 Nf6 2. Bg5 Ne4 3. Bf4 g5 4. Be5 Nf6 5. Bxf6 exf6 6. e3 d5 7. Bd3 c5 8. dxc5 Bxc5 9. Nc3 Nc6 10. Qf3 Bb4 11. Nge2 Ne5 12. Bb5+ Kf8 13. Qg3 h5 14. h4 Qb6 15. hxg5 Qxb5 16. gxf6 Ng4 17. 0-0-0 Qa6 18. Nxd5 Qxe2 19. Nf4 Qxd1+ 20. Rxd1 Nxf6 21. Rd8+ Ne8 22. Ng6+ fxg6 23. Qe5 Rh7 24. Qxe8+ Kg7 25. Rxc8 Rxc8 26. Qxc8 b6 27. e4 Bc5 28. f3 Kf6 29. Qc6+ Kg5 30. g3 Re7 31. f4+ Kg4 32. Qxg6+ Kf3 33. Qxh5+ Kxg3 34. f5 Rxe4 35. Kd2 Rd4+ 36. Kc3 Rd6 37. b4 Bd4+ 38. Kc4 a6 39. Qg5+ Kf3 40. a4 Bf6 41. Qg8 Kf4 42. Qc8 a5 43. bxa5 bxa5 44. Qc5 Be5 45. Qxa5 Kxf5 46. Qb5 Rd8 47. a5 Rc8+ 48. Kd5 Rd8+ 49. Kc6 Rc8+ 50. Kd7 Rc7+ 51. Kd8 Rg7 52. a6 Ke6 53. Qe8+ Kd6 54. Qf8+ Kc6 55. Qf3+ Kd6 56. Qa3+ Ke6 57. Qa2+ Kd6 58. a7 Rh7 59. Qa3+ 1-0

[Event "Paraguay Gran Prix U2300 07"]
[Site "Paraguay"]
[Date "2013.07.15"]
[Round "3.2"]
[White "Curatola, Clemente"]
[Black "Arraga, Gerardo"]
[Result "1-0"]
[WhiteElo "2114"]
[BlackElo "1946"]
[PlyCount "34"]
[EventDate "2013.07.08"]
[EventType "swiss"]
[EventRounds "9"]
[EventCountry "ARG"]
[SourceTitle "EXT 2024"]
[Source "ChessBase"]
[SourceDate "2023.10.10"]
[SourceVersion "1"]
[SourceVersionDate "2023.10.10"]
[SourceQuality "1"]

1. d4 e6 2. e4 Be7 3. f4 d6 4. Nf3 Nf6 5. Nc3 0-0 6. Be3 c6 7. Qd2 Nbd7 8. e5 Ng4 9. 0-0-0 b5 10. Kb1 Nb6 11. Bg1 dxe5 12. dxe5 Qxd2 13. Rxd2 f6 14. h3 Nh6 15. Bc5 fxe5 16. fxe5 Nf7 17. Bd3 Nd7 1-0

[Event "Paraguay Gran Prix U2300 07"]
[Site "Paraguay"]
[Date "2013.07.08"]
[Round "1.4"]
[White "Aguilar, Silvio Alejandro"]
[Black "Curatola, Clemente"]
[Result "0-1"]
[WhiteElo "1845"]
[BlackElo "2114"]
[PlyCount "42"]
[EventDate "2013.07.08"]
[EventType "swiss"]
[EventRounds "9"]
[EventCountry "ARG"]
[SourceTitle "EXT 2024"]
[Source "ChessBase"]
[SourceDate "2023.10.10"]
[SourceVersion "1"]
[SourceVersionDate "2023.10.10"]
[SourceQuality "1"]

1. e4 d5 2. e5 d4 3. Bc4 e6 4. Nf3 Nc6 5. d3 Nge7 6. a3 Nf5 7. Nbd2 Be7 8. Ne4 h5 9. Qe2 b6 10. Neg5 Qd7 11. Qe4 g6 12. g4 hxg4 13. Qxg4 Na5 14. Ba2 Qc6 15. b4 Qc3+ 16. Kd1 Qxa1 17. Nxf7 Kxf7 18. Rg1 Rg8 19. Bd5 exd5 20. e6+ Bxe6 21. Ne5+ Ke8 0-1

[Event "Buenos Aires Duchamp Boca op 3rd"]
[Site "Buenos Aires"]
[Date "2013.06.27"]
[Round "7"]
[White "Curatola, Clemente"]
[Black "Rodriguez Vila, Andres"]
[Result "0-1"]
[WhiteElo "2114"]
[BlackElo "2467"]
[PlyCount "42"]
[EventDate "2013.06.20"]
[EventType "swiss"]
[EventRounds "9"]
[EventCountry "ARG"]
[SourceTitle "CBM 155 Extra"]
[Source "ChessBase"]
[SourceDate "2013.08.26"]
[SourceVersion "1"]
[SourceVersionDate "2013.08.26"]
[SourceQuality "1"]

1. d4 f5 2. Nc3 d5 3. Nf3 Nf6 4. Bg5 e6 5. e3 Be7 6. Ne5 0-0 7. f4 c5 8. Qd2 a6 9. Bxf6 gxf6 10. Nf3 Nc6 11. Be2 b5 12. 0-0 Kh8 13. Kh1 Rg8 14. Rae1 Qb6 15. Nd1 a5 16. Nf2 b4 17. a4 cxd4 18. exd4 e5 19. fxe5 fxe5 20. Nxe5 Qxd4 21. Nf7+ Kg7 0-1

[Event "Buenos Aires Duchamp Boca op 3rd"]
[Site "Buenos Aires"]
[Date "2013.06.26"]
[Round "6"]
[White "Madina Yadarola, Martin"]
[Black "Curatola, Clemente"]
[Result "1-0"]
[WhiteElo "2256"]
[BlackElo "2114"]
[PlyCount "55"]
[EventDate "2013.06.20"]
[EventType "swiss"]
[EventRounds "9"]
[EventCountry "ARG"]
[SourceTitle "CBM 155 Extra"]
[Source "ChessBase"]
[SourceDate "2013.08.26"]
[SourceVersion "1"]
[SourceVersionDate "2013.08.26"]
[SourceQuality "1"]

1. d4 e6 2. g3 f5 3. Bg2 Nf6 4. c4 d5 5. Nh3 c6 6. Qc2 Be7 7. 0-0 0-0 8. Bf4 Na6 9. a3 Nc7 10. c5 Nh5 11. Be5 Bf6 12. e3 Bxe5 13. dxe5 g5 14. f4 g4 15. Nf2 Ng7 16. Nd2 h5 17. h4 Qe7 18. b4 a5 19. Nb3 axb4 20. axb4 Na6 21. Ra4 b5 22. cxb6 Nxb4 23. Qc5 Qxc5 24. Nxc5 Rxa4 25. Nxa4 Ba6 26. Rb1 Nc2 27. Nc5 Bb5 28. Nd7 1-0

[Event "ARG-ch 79th"]
[Site "Buenos Aires"]
[Date "2004.09.28"]
[Round "6"]
[White "Curatola, Clemente"]
[Black "Mazziotti Irigoyen, Gabriel"]
[Result "0-1"]
[WhiteElo "2139"]
[BlackElo "2253"]
[PlyCount "92"]
[EventDate "2004.09.24"]
[EventType "swiss"]
[EventRounds "9"]
[EventCountry "ARG"]
[SourceTitle "CBM 102 Extra"]
[Source "ChessBase"]
[SourceDate "2004.11.03"]
[SourceVersion "1"]
[SourceVersionDate "2004.11.03"]
[SourceQuality "1"]

1. d4 d5 2. Bg5 g6 3. Nc3 Bg7 4. Nf3 b6 5. e4 dxe4 6. Nxe4 Bb7 7. Bd3 h6 8. Be3 Nd7 9. Qd2 Ngf6 10. Nxf6+ Nxf6 11. Ne5 Nd5 12. Bb5+ Kf8 13. 0-0-0 e6 14. Kb1 a6 15. Bd3 c5 16. Bxg6 fxg6 17. Nxg6+ Kg8 18. Nxh8 Qf6 19. c3 Kxh8 20. dxc5 bxc5 21. Bxc5 Nxc3+ 22. bxc3 Qf5+ 23. Ka1 Qxc5 24. Rc1 Bxg2 25. Rhg1 Qd5 26. Qf4 Qf3 27. Qc7 Qxf2 28. h4 Rf8 29. Rcf1 Qxf1+ 30. Rxf1 Bxf1 31. Kb2 e5 32. Ka3 e4 33. Qg3 Rf3 34. Qb8+ Kh7 35. h5 Rxc3+ 36. Kb4 Rf3 37. Qe8 Bd3 38. Qg6+ Kh8 39. a4 Rf6 40. Qe8+ Kh7 41. a5 Rf8 42. Qg6+ Kh8 43. Kc5 Rd8 44. Qe6 e3 45. Kc6 Bb5+ 46. Kc7 Re8 0-1

[Event "ARG-ch 79th"]
[Site "Buenos Aires"]
[Date "2004.09.27"]
[Round "5"]
[White "Della Morte, Pablo"]
[Black "Curatola, Clemente"]
[Result "1-0"]
[WhiteElo "2302"]
[BlackElo "2139"]
[PlyCount "99"]
[EventDate "2004.09.24"]
[EventType "swiss"]
[EventRounds "9"]
[EventCountry "ARG"]
[SourceTitle "CBM 102 Extra"]
[Source "ChessBase"]
[SourceDate "2004.11.03"]
[SourceVersion "1"]
[SourceVersionDate "2004.11.03"]
[SourceQuality "1"]

1. e4 c6 2. d4 d5 3. e5 Na6 4. c3 Nc7 5. Bd3 g6 6. Ne2 Bg7 7. Nd2 Nh6 8. Ng3 Nf5 9. Nxf5 Bxf5 10. Bxf5 gxf5 11. Qh5 Qd7 12. Nf3 e6 13. Bg5 h6 14. Bh4 c5 15. 0-0 c4 16. g4 f4 17. Bf6 Rg8 18. h3 Bxf6 19. exf6 0-0-0 20. Ne5 Qe8 21. Qxh6 f3 22. Kh2 Nb5 23. Qf4 Nd6 24. h4 Rh8 25. h5 Qg8 26. Rg1 Ne4 27. Qxf3 Qg5 28. Rg2 Rh7 29. Qe3 Qh4+ 30. Kg1 Qxf6 31. Nxc4 Rg8 32. Ne5 Qg7 33. Qf3 Ng5 34. Qg3 Ne4 35. Qh2 Ng5 36. f4 Ne4 37. Rc1 f6 38. Nd3 b5 39. b3 Kb7 40. Qh3 Qe7 41. Qf3 Rgh8 42. Rh2 f5 43. g5 Rg8 44. Rg2 Rgh8 45. Rh2 Rg7 46. Rcc2 Rhg8 47. Rhg2 Rh8 48. Ne5 Rgh7 49. Ng6 Rxh5 50. Qxh5 1-0

[Event "ARG-ch 79th"]
[Site "Buenos Aires"]
[Date "2004.09.25"]
[Round "2"]
[White "Curatola, Clemente"]
[Black "Perdomo, Leandro Daniel"]
[Result "0-1"]
[WhiteElo "2139"]
[BlackElo "2306"]
[PlyCount "64"]
[EventDate "2004.09.24"]
[EventType "swiss"]
[EventRounds "9"]
[EventCountry "ARG"]
[SourceTitle "CBM 102 Extra"]
[Source "ChessBase"]
[SourceDate "2004.11.03"]
[SourceVersion "1"]
[SourceVersionDate "2004.11.03"]
[SourceQuality "1"]

1. d4 Nf6 2. Nc3 d5 3. Bg5 g6 4. Qd2 c6 5. 0-0-0 Bg7 6. Bh6 0-0 7. Bxg7 Kxg7 8. f3 Qa5 9. e4 dxe4 10. fxe4 Be6 11. e5 Nd5 12. Nxd5 Qxd2+ 13. Rxd2 cxd5 14. Bd3 Nc6 15. c3 Rac8 16. Kb1 f6 17. exf6+ Rxf6 18. Nf3 Bg4 19. Be2 Bf5+ 20. Bd3 b5 21. Bxf5 Rxf5 22. Re1 Rcf8 23. Kc2 R8f6 24. Kd3 g5 25. h3 h5 26. Rde2 Kf7 27. Ne5+ Nxe5+ 28. dxe5 Rc6 29. e6+ Kf6 30. b3 a5 31. Kd4 Rf4+ 32. Kxd5 Rd6+ 0-1

[Event "Maestros-Olavarria Tandil"]
[Site "Olavarria"]
[Date "2002.??.??"]
[Round "?"]
[White "Curatola, Clemente"]
[Black "Felgaer, Ruben Alejandro"]
[Result "0-1"]
[WhiteElo "2155"]
[BlackElo "2552"]
[PlyCount "49"]
[EventDate "2002.12.08"]
[EventType "team"]
[EventRounds "8"]
[EventCountry "ARG"]
[SourceTitle "EXT 2004"]
[Source "ChessBase"]
[SourceDate "2003.11.25"]
[SourceVersion "1"]
[SourceVersionDate "2003.11.25"]
[SourceQuality "1"]

1. d4 d5 2. Nc3 Nf6 3. Bg5 e6 4. Nf3 h6 5. Bf4 Bd6 6. e3 a6 7. Bd3 b6 8. 0-0 Bb7 9. Re1 Ne4 10. Bxe4 dxe4 11. Bxd6 cxd6 12. Nd2 d5 13. f3 exf3 14. Nxf3 Nd7 15. e4 dxe4 16. Nxe4 0-0 17. c3 Qc7 18. Nh4 Rae8 19. Nf3 e5 20. d5 f5 21. Nf2 e4 22. d6 Qc6 23. Nd4 Qxd6 24. Nxf5 Qe6 25. Ne3 0-1

[Event "Maestros-Olavarria Tandil"]
[Site "Olavarria"]
[Date "2002.??.??"]
[Round "?"]
[White "Hase, Juan Carlos"]
[Black "Curatola, Clemente"]
[Result "1/2-1/2"]
[WhiteElo "2343"]
[BlackElo "2155"]
[PlyCount "43"]
[EventDate "2002.12.08"]
[EventType "team"]
[EventRounds "8"]
[EventCountry "ARG"]
[SourceTitle "EXT 2004"]
[Source "ChessBase"]
[SourceDate "2003.11.25"]
[SourceVersion "1"]
[SourceVersionDate "2003.11.25"]
[SourceQuality "1"]

1. e4 d5 2. exd5 Nf6 3. c4 c6 4. d4 cxd5 5. Nc3 Nc6 6. Bg5 Qa5 7. Bxf6 exf6 8. cxd5 Bb4 9. Qd2 Bxc3 10. bxc3 Qxd5 11. Nf3 0-0 12. Be2 Na5 13. 0-0 Be6 14. Rfc1 Rfc8 15. Qb2 Bg4 16. h3 Bh5 17. Nh2 Nc4 18. Bxc4 Rxc4 19. Nf1 Rc7 20. Ne3 Qg5 21. a4 f5 22. f4 1/2-1/2

[Event "Olavarria schev"]
[Site "Olavarria"]
[Date "2001.12.16"]
[Round "3.2"]
[White "Curatola, Clemente"]
[Black "Tempone, Marcelo"]
[Result "1/2-1/2"]
[WhiteElo "2155"]
[BlackElo "2437"]
[PlyCount "44"]
[EventDate "2001.12.16"]
[EventType "schev"]
[EventRounds "4"]
[EventCountry "ARG"]
[SourceTitle "EXT 2003"]
[Source "ChessBase"]
[SourceDate "2002.11.25"]
[SourceVersion "1"]
[SourceVersionDate "2002.11.25"]
[SourceQuality "1"]

1. d4 d5 2. Bg5 c6 3. Nf3 Bf5 4. e3 Nf6 5. Bxf6 exf6 6. Bd3 Bg6 7. Nh4 Bxd3 8. Qxd3 g6 9. Nd2 f5 10. g3 Bg7 11. c3 0-0 12. 0-0 Nd7 13. Ng2 Re8 14. Rae1 Nf6 15. f3 Qd7 16. e4 fxe4 17. fxe4 Nxe4 18. Nxe4 dxe4 19. Rxe4 Rxe4 20. Qxe4 Re8 21. Qf3 h5 22. a3 a5 1/2-1/2

[Event "Olavarria schev"]
[Site "Olavarria"]
[Date "2001.12.15"]
[Round "1.4"]
[White "Curatola, Clemente"]
[Black "Ginzburg, Maximiliano"]
[Result "0-1"]
[WhiteElo "2155"]
[BlackElo "2429"]
[PlyCount "60"]
[EventDate "2001.12.16"]
[EventType "schev"]
[EventRounds "4"]
[EventCountry "ARG"]
[SourceTitle "EXT 2003"]
[Source "ChessBase"]
[SourceDate "2002.11.25"]
[SourceVersion "1"]
[SourceVersionDate "2002.11.25"]
[SourceQuality "1"]

1. d4 f5 2. Nc3 d5 3. Bf4 Nf6 4. e3 e6 5. Nf3 Bb4 6. Bd3 c5 7. dxc5 Qa5 8. 0-0 Bxc3 9. bxc3 Qxc5 10. Be5 Nbd7 11. Bd4 Qc7 12. Bxf6 Nxf6 13. Bb5+ Bd7 14. Rb1 Bxb5 15. Rxb5 0-0 16. Nd4 Rfe8 17. Qd3 Rac8 18. Ne2 b6 19. f3 Nd7 20. Qd4 Qc4 21. Qxc4 Rxc4 22. Rfb1 Ra4 23. R1b2 Ne5 24. R5b4 Ra6 25. a4 Nc4 26. Ra2 Nxe3 27. Nd4 e5 28. Nc6 Rc8 29. Kf2 Nd1+ 30. Ke1 Nxc3 0-1

[Event "Najdorf Memorial op"]
[Site "Buenos Aires"]
[Date "1999.??.??"]
[Round "3"]
[White "Benko, Francisco"]
[Black "Curatola, Clemente"]
[Result "0-1"]
[WhiteElo "2128"]
[BlackElo "2181"]
[PlyCount "110"]
[EventDate "1999.09.21"]
[EventType "swiss"]
[EventRounds "9"]
[EventCountry "ARG"]
[SourceTitle "EXT 2001"]
[Source "ChessBase"]
[SourceDate "2000.11.22"]
[SourceVersion "1"]
[SourceVersionDate "2000.11.22"]
[SourceQuality "1"]

1. d4 f5 2. Nc3 d5 3. Nf3 Nf6 4. Bf4 c6 5. Ne5 e6 6. e3 Bb4 7. Bd3 Qa5 8. 0-0 Bxc3 9. bxc3 Qxc3 10. g4 fxg4 11. Nxg4 Nbd7 12. Ne5 Nxe5 13. Bxe5 Bd7 14. Rb1 b5 15. Kh1 Qa3 16. Bxf6 gxf6 17. Qh5+ Kd8 18. Qh4 Qe7 19. Rg1 Kc7 20. f4 Kb7 21. e4 Qf7 22. c4 dxc4 23. Bxc4 Rag8 24. Bb3 Rxg1+ 25. Rxg1 f5 26. Qe1 fxe4 27. Qxe4 Rf8 28. Rf1 Qf5 29. Bc2 Qxe4+ 30. Bxe4 h6 31. Kg2 Kb6 32. Kg3 a5 33. Rc1 a4 34. a3 Rc8 35. Rd1 Ka5 36. Rc1 Kb6 37. Rd1 Rg8+ 38. Kf3 e5 39. Ke3 exf4+ 40. Kxf4 Rg4+ 41. Ke5 Rh4 42. Rd2 Kc7 43. Bf3 Bg4 44. Be4 Rh5+ 45. Kf4 Be6 46. Rc2 Bd5 47. Bf5 Kd6 48. Bg4 Rg5 49. Re2 Rg7 50. Bf5 Rg2 51. Re3 Rxh2 52. Rg3 Rg2 53. Rh3 Rf2+ 54. Kg4 Rxf5 55. Rxh6+ Be6 0-1